000 01126cam a2200289 a 4500
999 _c233670
_d233670
001 15741884
003 Nust
005 20170309161939.0
008 090518r20091946ilu 000 1 eng
010 _a 2009020400
020 _a9781844080892
040 _aDLC
_cDLC
_dDLC
043 _ae-uk---
_ae-uk-en
050 0 0 _aPR6007.U47
_bK5 2009
082 0 0 _a823.912
_bMAU
100 1 _aDu Maurier, Daphne,
_d1907-1989.
245 1 4 _aThe king's general /
_cDaphne du Maurier.
260 _aNaperville, Ill. :
_bSourcebooks Landmark,
_c2009.
300 _a371 p. ;
_c21 cm.
650 0 _aYoung women
_zEngland
_vFiction.
650 0 _aCountry homes
_zEngland
_vFiction.
651 0 _aGreat Britain
_xHistory
_yCivil War, 1642-1649
_vFiction.
651 0 _aCornwall (England : County)
_vFiction.
655 7 _aHistorical fiction.
_2gsafd
906 _a7
_bcbc
_corignew
_d1
_eecip
_f20
_gy-gencatlg
942 _2ddc
_cBK